Static Analysis of Dynamic Database Usage in Java Systems

Elmentve itt :
Bibliográfiai részletek
Szerzők: Meurice Loup
Nagy Csaba
Cleve Anthony
Dokumentumtípus: Könyv része
Megjelent: Springer International Publishing 2016
Sorozat:Advanced Information Systems Engineering: 28th International Conference, CAiSE 2016
doi:10.1007/978-3-319-39696-5_30

mtmt:3086250
Online Access:http://publicatio.bibl.u-szeged.hu/8952
LEADER 00926naa a2200229 i 4500
001 publ8952
005 20190611134500.0
008 170507s2016 hu o 0|| angol d
020 |a 978-3-319-39695-8 
024 7 |a 10.1007/978-3-319-39696-5_30  |2 doi 
024 7 |a 3086250  |2 mtmt 
040 |a SZTE Publicatio Repozitórium  |b hun 
041 |a angol 
100 1 |a Meurice Loup 
245 1 0 |a Static Analysis of Dynamic Database Usage in Java Systems  |h [elektronikus dokumentum] /  |c  Meurice Loup 
260 |a Springer International Publishing  |c 2016 
300 |a 491-506 
490 0 |a Advanced Information Systems Engineering: 28th International Conference, CAiSE 2016 
700 0 1 |a Nagy Csaba  |e aut 
700 0 1 |a Cleve Anthony  |e aut 
856 4 0 |u http://publicatio.bibl.u-szeged.hu/8952/7/Meurice-CAiSE2016.pdf  |z Dokumentum-elérés  
856 4 0 |u http://publicatio.bibl.u-szeged.hu/8952/13/CAiSE_2016_cimlap_tartalom.pdf  |z Dokumentum-elérés